Použitie metódy latentného sémantického indexovania peo odporúčaní informácií

Na minha lista:
Detalhes bibliográficos
Autor principal: Borgula, Dušan (Author)
Outros Autores: Kosková, Gabriela, 1975- (Thesis advisor)
Formato: Manuscrito Livro
Idioma:eslovaco
Publicado em: Bratislava : STU v Bratislave FEI, 2002
Assuntos:
Tags: Adicionar Tag
Sem tags, seja o primeiro a adicionar uma tag!

MARC

LEADER 00000ntm a22000003a 4500
001 stu76342
005 20160719164753.1
008 020628s2002------------------------slo-d
040 |a STU  |b slo 
041 0 |a slo 
100 1 |a Borgula, Dušan  |4 aut 
245 1 |a Použitie metódy latentného sémantického indexovania peo odporúčaní informácií 
260 |a Bratislava :  |b STU v Bratislave FEI,  |c 2002 
300 |a 85 s 
650 7 |a informatika  |2 stusub 
700 1 |a Kosková, Gabriela,  |d 1975-  |4 ths  |u I200  |U FIIT Fakulta informatiky a informačných technológií  |T FIIT Ústav informatiky a softvérového inžinierstva  |X 1837  |U I200  |Y 179  |7 1837 
996 |b EDIPL-6992  |c I*DIPL-6992  |l II680  |s A  |a 24  |w stu76342_0001